<?xml version="1.0" encoding="UTF-8"?><?xml-stylesheet type="text/xsl" href="static/style.xsl"?><OAI-PMH xmlns="http://www.openarchives.org/OAI/2.0/" xmlns:xsi="http://www.w3.org/2001/XMLSchema-instance" xsi:schemaLocation="http://www.openarchives.org/OAI/2.0/ http://www.openarchives.org/OAI/2.0/OAI-PMH.xsd"><responseDate>2026-05-11T15:41:30Z</responseDate><request verb="GetRecord" identifier="oai:riubu.ubu.es:10259/6285" metadataPrefix="marc">https://riubu.ubu.es/oai/request</request><GetRecord><record><header><identifier>oai:riubu.ubu.es:10259/6285</identifier><datestamp>2021-12-15T01:00:24Z</datestamp><setSpec>com_10259.4_103</setSpec><setSpec>com_10259.4_1</setSpec><setSpec>com_10259_2604</setSpec><setSpec>col_10259_6276</setSpec></header><metadata><record xmlns="http://www.loc.gov/MARC21/slim" xmlns:doc="http://www.lyncode.com/xoai" xmlns:xsi="http://www.w3.org/2001/XMLSchema-instance" xmlns:dcterms="http://purl.org/dc/terms/" xsi:schemaLocation="http://www.loc.gov/MARC21/slim http://www.loc.gov/standards/marcxml/schema/MARC21slim.xsd">
<leader>00925njm 22002777a 4500</leader>
<datafield tag="042" ind1=" " ind2=" ">
<subfield code="a">dc</subfield>
</datafield>
<datafield tag="720" ind1=" " ind2=" ">
<subfield code="a">Gómez Villar, Rufino</subfield>
<subfield code="e">author</subfield>
</datafield>
<datafield tag="260" ind1=" " ind2=" ">
<subfield code="c">2015</subfield>
</datafield>
<datafield tag="520" ind1=" " ind2=" ">
<subfield code="a">El artículo muestra, en un repaso histórico de la documentación,&#xd;
los usos de los pastizales y agostaderos de La Demanda,&#xd;
los alcances o soles por los montes y entrepanes, las dehesas de los&#xd;
pueblos del entorno de la Sierra, las otoñadas de hobes y granas. Se&#xd;
señalan, además, las cargas de leña extraídas de forma indebida y de -&#xd;
nunciadas por los costieros, con multas y otros castigos, en los montes&#xd;
vedados y en las dehesas. La faceta ambulatoria de la ganadería,&#xd;
la socialización de los pastos, los derechos de aguada, los acuerdos y&#xd;
normativas y la revisión de las mojoneras son también parte del trabajo.&#xd;
También las representaciones anuales revestidas de un carácter&#xd;
solemne, los libros de concordias municipales, las servidumbres y acotaciones&#xd;
estacionales.</subfield>
</datafield>
<datafield tag="520" ind1=" " ind2=" ">
<subfield code="a">Trought a review of historical documents, this work&#xd;
shows the singularities of forest harvesting management in the mountains&#xd;
of La Demanda.&#xd;
The way the pastures located in this mountains where used the deals&#xd;
between municipalities for the use of them, know as “soles”, the location&#xd;
of its meadows and the production of fruits from beech and oaks&#xd;
obtained in this area. There are also related the amounts of firewood&#xd;
stolen of the meadows and private forest, known through the relation&#xd;
of economic or other kind of punishments applied by the rangers.&#xd;
The trashumant condition of livestak, the pasture socialization, the&#xd;
rights for use the water and other regulations, and the division of the&#xd;
fields are part of this study. Also the annual representations coated with a solemn nature, the&#xd;
municipal books containing concordats between neighbors, the easements&#xd;
and the seasonal dimensions are included in these pages.</subfield>
</datafield>
<datafield tag="024" ind2=" " ind1="8">
<subfield code="a">0211-8998</subfield>
</datafield>
<datafield tag="024" ind2=" " ind1="8">
<subfield code="a">http://hdl.handle.net/10259/6285</subfield>
</datafield>
<datafield tag="245" ind1="0" ind2="0">
<subfield code="a">El bosque medieval en La Demanda</subfield>
</datafield>
</record></metadata></record></GetRecord></OAI-PMH>